书目信息 |
| 题名: |
杏标准化生产技术
|
|
| 作者: | 冯义彬 主编 ;陈淑芹 , 朱更瑞 , 郭景南 编著 | |
| 分册: | ||
| 出版信息: | 北京 金盾出版社 2008 |
|
| 页数: | 191页, 4页图版 | |
| 开本: | 19cm | |
| 丛书名: | 建设新农村农产品标准化生产丛书 | |
| 单 册: | ||
| 中图分类: | S662.2 | |
| 科图分类: | ||
| 主题词: | 杏--栽培 | |
| 电子资源: | ||
| ISBN: | 978-7-5082-4790-8 | |
| 000 | 01146nam 2200301 450 | |
| 001 | 2339870407 | |
| 005 | 20231227110452.15 | |
| 010 | @a978-7-5082-4790-8@d10.00CNY | |
| 100 | @a20080318d2008 ekmy0chiy50 ea | |
| 101 | 0 | @achi |
| 102 | @aCN@b110000 | |
| 105 | @aafk a 000yy | |
| 200 | 1 | @a杏标准化生产技术@Axing biao zhun hua sheng chan ji shu@f主编冯义彬@g编著者陈淑芹 ... [等] |
| 210 | @a北京@c金盾出版社@d2008 | |
| 215 | @a191页, 4页图版@c彩图@d19cm | |
| 225 | 2 | @a建设新农村农产品标准化生产丛书@Ajian she xin nong cun nong chan pin biao zhun hua sheng chan cong shu |
| 304 | @a题名页题: 编著者陈淑芹, 朱更瑞, 郭景南, 王力荣, 张诗杰等 | |
| 320 | @a有书目 (第191页) | |
| 330 | @a本书介绍杏标准化生产的意义、杏的生态条件及标准化生产可供选择的优良品种与砧木, 杏苗木标准化繁育、杏标准化建园等内容。 | |
| 410 | 0 | @12001 @a建设新农村农产品标准化生产丛书 |
| 606 | 0 | @a杏@x栽培 |
| 690 | @aS662.2@v5 | |
| 701 | 0 | @a冯义彬@Afeng yi bin@4主编 |
| 702 | 0 | @a陈淑芹@Achen shu qin@4编著 |
| 702 | 0 | @a朱更瑞@Azhu geng rui@4编著 |
| 702 | 0 | @a郭景南@Aguo jing nan@4编著 |
| 801 | 0 | @aCN@b湖北三新@c20080318 |
| 905 | @aBZT@dS662.2@e327 | |
| 杏标准化生产技术/主编冯义彬/编著者陈淑芹 ... [等].-北京:金盾出版社,2008 |
| 191页, 4页图版:彩图;19cm.-(建设新农村农产品标准化生产丛书) |
| ISBN 978-7-5082-4790-8:10.00CNY |
| 本书介绍杏标准化生产的意义、杏的生态条件及标准化生产可供选择的优良品种与砧木, 杏苗木标准化繁育、杏标准化建园等内容。 |
| ● |
| 相关链接 |
|
|
|
正题名:杏标准化生产技术
索取号:S662.2/327
 
预约/预借
| 序号 | 登录号 | 条形码 | 馆藏地/架位号 | 状态 | 备注 |
| 1 | 2001708524 | 2001708524 | 辽三/辽宁北配(第三批)/4076/ [索取号:S662.2/327] | 在馆 | |
| 2 | 2001708525 | 2001708525 | 辽三/辽宁北配(第三批)/4076/ [索取号:S662.2/327] | 在馆 | |
| 3 | 2001708526 | 2001708526 | 辽三/辽宁北配(第三批)/4076/ [索取号:S662.2/327] | 在馆 | |
| 4 | 2001708527 | 2001708527 | 辽三/辽宁北配(第三批)/4076/ [索取号:S662.2/327] | 在馆 | |
| 5 | 2001708528 | 2001708528 | 辽三/辽宁北配(第三批)/4076/ [索取号:S662.2/327] | 在馆 | |
| 6 | 2001708529 | 2001708529 | 辽三/辽宁北配(第三批)/4076/ [索取号:S662.2/327] | 在馆 | |
| 7 | 2001708530 | 2001708530 | 辽三/辽宁北配(第三批)/4076/ [索取号:S662.2/327] | 在馆 | |
| 8 | 2001708531 | 2001708531 | 辽三/辽宁北配(第三批)/4076/ [索取号:S662.2/327] | 在馆 | |
| 9 | 2001708532 | 2001708532 | 辽三/辽宁北配(第三批)/4076/ [索取号:S662.2/327] | 在馆 | |
| 10 | 2001708533 | 2001708533 | 辽三/辽宁北配(第三批)/4076/ [索取号:S662.2/327] | 在馆 | |
| 11 | 2001708534 | 2001708534 | 辽三/辽宁北配(第三批)/4076/ [索取号:S662.2/327] | 在馆 | |
| 12 | 2001708535 | 2001708535 | 辽三/辽宁北配(第三批)/4076/ [索取号:S662.2/327] | 在馆 | |
| 13 | 2001708536 | 2001708536 | 辽三/辽宁北配(第三批)/4076/ [索取号:S662.2/327] | 在馆 | |
| 14 | 2001708537 | 2001708537 | 辽三/辽宁北配(第三批)/4076/ [索取号:S662.2/327] | 在馆 | |
| 15 | 2001708538 | 2001708538 | 辽三/辽宁北配(第三批)/4076/ [索取号:S662.2/327] | 在馆 | |
| 16 | 2001708539 | 2001708539 | 辽三/辽宁北配(第三批)/4076/ [索取号:S662.2/327] | 在馆 | |
| 17 | 2001708540 | 2001708540 | 辽三/辽宁北配(第三批)/4076/ [索取号:S662.2/327] | 在馆 | |
| 18 | 2001708541 | 2001708541 | 辽三/辽宁北配(第三批)/4076/ [索取号:S662.2/327] | 在馆 | |
| 19 | 2001708542 | 2001708542 | 辽三/辽宁北配(第三批)/4076/ [索取号:S662.2/327] | 在馆 | |
| 20 | 2001708543 | 2001708543 | 辽三/辽宁北配(第三批)/4076/ [索取号:S662.2/327] | 在馆 | |
| 21 | 2001708544 | 2001708544 | 辽三/辽宁北配(第三批)/4076/ [索取号:S662.2/327] | 在馆 | |
| 22 | 2001708545 | 2001708545 | 辽三/辽宁北配(第三批)/4076/ [索取号:S662.2/327] | 在馆 | |
| 23 | 2001708546 | 2001708546 | 辽三/辽宁北配(第三批)/4076/ [索取号:S662.2/327] | 在馆 | |
| 24 | 2001708547 | 2001708547 | 辽三/辽宁北配(第三批)/4076/ [索取号:S662.2/327] | 在馆 | |
| 25 | 2001708548 | 2001708548 | 辽三/辽宁北配(第三批)/4076/ [索取号:S662.2/327] | 在馆 | |
| 26 | 2001708549 | 2001708549 | 辽三/辽宁北配(第三批)/4076/ [索取号:S662.2/327] | 在馆 | |
| 27 | 2001708550 | 2001708550 | 辽三/辽宁北配(第三批)/4076/ [索取号:S662.2/327] | 在馆 | |
| 28 | 2001708551 | 2001708551 | 辽三/辽宁北配(第三批)/4076/ [索取号:S662.2/327] | 在馆 | |
| 29 | 2001708552 | 2001708552 | 辽三/辽宁北配(第三批)/4076/ [索取号:S662.2/327] | 在馆 | |
| 30 | 2001708553 | 2001708553 | 辽三/辽宁北配(第三批)/4076/ [索取号:S662.2/327] | 在馆 |